Country report, gender equality How are EU rules transposed into national law?: Hungary 2020 /

Bibliographic Details
Main Author: Balogh, Ld̕ia Hermina
Format: eBook
Language:English
Published: Bruselas: European Union Publications Office, 2020
Subjects:
Online Access:Acceso restringido

MARC

LEADER 00000nam a22000007a 4500
005 20211025212613.0
007 cr|||| |||
008 211025s2020 eu |||||s|||| 00||0 eng d
020 |a 978-92-76-18973-2 
035 |a 34285 
040 |a vLex 
090 |c 12602  |d 12602 
100 1 |a Balogh, Ld̕ia Hermina 
245 1 0 |a Country report, gender equality  |h [Recurso electrn̤ico] :  |b How are EU rules transposed into national law?: Hungary 2020 /  |c Ld̕ia Hermina Balogh 
256 |a Servicio en ln̕ea 
260 |a Bruselas:  |b European Union Publications Office,  |c 2020 
300 |a 1 recurso electrn̤ico 
506 1 |a Disponible solo en los productos indicados  |d vLex Global  |d vLex Global (Academic Edition, excluding Law Schools)  |d vLex Global (U.S. Academic Edition, Law Schools)  |d vLex Global (U.S. Academic Edition, excluding Law Schools)  |d vLex Global (Academic Edition, Law Schools) 
650 0 4 |a Derecho Comunitario  |z Unin̤ Europea 
650 0 4 |a Derecho Constitucional  |z Unin̤ Europea 
740 0 |a vLex Libros (Servicio en ln̕ea) 
856 4 0 |u https://app.vlex.com/#/sources/34285  |z Acceso restringido 
942 |c BOOK 
999 0 |a Community Law 
999 0 |a Constitutional Law